Európska spoločnosť – charakteristika a aktuálne novely príslušnej legislatívy

Právna úprava európskej spoločnosti z pohľadu nadnárodnej i národnej legislatívy. Novely relevantných právnych predpisov, ktoré majú významný vplyv na pôsobenie európskej spoločnosti. Terminológia charakteristická pre danú oblasť právnych predpisov. Možnosti založenia európskej spoločnosti. Druhy z...

Full description

Saved in:
Bibliographic Details
Main Author: Gedeon, Milan, 1993-
Format: Book Chapter
Language:Slovak
Subjects:
Tags: Add Tag
No Tags, Be the first to tag this record!

MARC

LEADER 00000nla a2200000 4500
001 0243762
005 20240502073941.4
041 0 |a slo 
044 |a SK 
245 1 0 |a Európska spoločnosť – charakteristika a aktuálne novely príslušnej legislatívy  |c Milan Gedeon 
520 |a Právna úprava európskej spoločnosti z pohľadu nadnárodnej i národnej legislatívy. Novely relevantných právnych predpisov, ktoré majú významný vplyv na pôsobenie európskej spoločnosti. Terminológia charakteristická pre danú oblasť právnych predpisov. Možnosti založenia európskej spoločnosti. Druhy zriadenia európskej spoločnosti podľa ich využívania v praxi. Smernica ATAD. 
610 2 0 |a predpisy právne 
610 2 0 |a fúzie 
610 2 0 |a zdaňovanie 
610 2 0 |a spoločnosti nadnárodné 
610 2 0 |a Európska únia 
610 2 0 |a zákony 
610 2 0 |a novelizácia 
100 1 |a Gedeon, Milan, 1993-